000 00383 a2200145 4500
005 20250605121805.0
020 _a9 781292 330235
082 _a647.94 WAL
100 _aWALKER. J. R.
245 _aIntroduction to Hospitality.
250 _a8th Ed.
260 _aNew York,
_bPearson,
_c2021.
300 _a381p.; ill.; figures.; picture.; table.
_bGlossary.;
_c27cm.
942 _2ddc
_cBKS
999 _c3219
_d3219